How positive planning reaps rewards (Record no. 65268)
[ view plain ]
| 000 -LEADER | |
|---|---|
| fixed length control field | 01409cam a2200277 4500 |
| 001 - CONTROL NUMBER | |
| control field | ABS63233 |
| 008 - FIXED-LENGTH DATA ELEMENTS--GENERAL INFORMATION | |
| fixed length control field | 000000n2000 000 0 eng u |
| 035 ## - SYSTEM CONTROL NUMBER | |
| System control number | (Sirsi) u109344 |
| 100 ## - MAIN ENTRY--PERSONAL NAME | |
| Personal name | Rouse, J |
| 245 ## - TITLE STATEMENT | |
| Title | How positive planning reaps rewards |
| 260 ## - PUBLICATION, DISTRIBUTION, ETC. | |
| Date of publication, distribution, etc. | 2000 |
| 490 ## - SERIES STATEMENT | |
| Series statement | Planning (for the Natural and Built Environment) |
| Volume/sequential designation | (1393) 3 November 2000, 14-15(2) |
| 520 ## - SUMMARY, ETC. | |
| Summary, etc. | Describes the case study of Bilston, Wolverhampton, the latest DETR project researching the masterplanning process. A key objective of the team led by Andrew Wright Associates, is to investigate how early planning of urban development can establish economic and social value. Discusses how similar schemes have succeeded and failed to meet their planning objectives, with reference to the Ove Arup and Black Country projects. Looks at key factors necessary to create value: optimising density; environmental amenity; and three-dimensional planning. Concludes that the Bilston project has reaffirmed that masterplanning adds value to development, but the measure of value still needs to be tested. |
| 590 ## - LOCAL NOTE (RLIN) | |
| Local note | ABS |
| 650 ## - SUBJECT ADDED ENTRY--TOPICAL TERM | |
| Topical term or geographic name entry element | BILSTON |
| 650 ## - SUBJECT ADDED ENTRY--TOPICAL TERM | |
| Topical term or geographic name entry element | WOLVERHAMPTON |
| 650 ## - SUBJECT ADDED ENTRY--TOPICAL TERM | |
| Topical term or geographic name entry element | OVE ARUP |
| 650 ## - SUBJECT ADDED ENTRY--TOPICAL TERM | |
| Topical term or geographic name entry element | BLACK COUNTRY |
| 650 ## - SUBJECT ADDED ENTRY--TOPICAL TERM | |
| Topical term or geographic name entry element | URBAN DESIGN |
| 650 ## - SUBJECT ADDED ENTRY--TOPICAL TERM | |
| Topical term or geographic name entry element | BROWNFIELD SITES |
| 650 ## - SUBJECT ADDED ENTRY--TOPICAL TERM | |
| Topical term or geographic name entry element | CASE STUDIES |
| 650 ## - SUBJECT ADDED ENTRY--TOPICAL TERM | |
| Topical term or geographic name entry element | PLANNING PRACTICE |
| 650 ## - SUBJECT ADDED ENTRY--TOPICAL TERM | |
| Topical term or geographic name entry element | TOWN PLANNING |
| 690 ## - LOCAL SUBJECT ADDED ENTRY--TOPICAL TERM (OCLC, RLIN) | |
| Topical term or geographic name as entry element | REGENERATION |
| 942 ## - ADDED ENTRY ELEMENTS (KOHA) | |
| Suppress in OPAC | 0 |
| Withdrawn status | Lost status | Source of classification or shelving scheme | Damaged status | Not for loan | Home library | Current library | Shelving location | Date acquired | Total Checkouts | Full call number | Barcode | Date last seen | Copy number | Price effective from | Koha item type |
|---|---|---|---|---|---|---|---|---|---|---|---|---|---|---|---|
| Dewey Decimal Classification | London | London | Journal article | 14/11/2000 | ABS63233 | 109344-1001 | 06/08/2019 | 1 | 06/08/2019 | Journal article |